000 00864nam a2200277 a 4500
008
020 _a0273638289 (pbk.)
049 _aMAIN
090 _aHD30.25
_bMOR
100 1 _aMorris, Clare.
245 1 0 _aQuantitative approaches in business studies /
_cClare Morris.
250 _a5th ed.
260 _aHarlow :
_bPearson,
_c2000.
300 _axiv, 485 p. :
_bill. ;
_c25 cm.
500 _aIncludes index.
650 0 _aManagement
_xStatistical methods.
650 0 _aDecision making
_xMathematical models.
650 0 _aStatistical decision.
653 _aBusiness firms
_aManagement
_aStatistical mathematics.
653 0 _aBusiness studies
_aStatistical mathematics.
907 _a.b10294284
_b19-09-13
_c05-04-11
003
005 20230123125216.0
040 _cNUST
942 _cBOOKS
_kHD30.25
_mMOR
999 _c137606
_d137606